000 00841cam a2200277 i 4500
008
020 _a0443027609 (pbk.)
049 _aMAIN
090 _aRM121
_bTEX
245 0 0 _aTextbook of medical treatment /
_cby various authors ; edited by Stanley Alstead, Ronald H. Girdwood.
250 _a14th ed.
260 _aEdinburgh :
_bChurchill Livingstone,
_c1978.
300 _axii, 533 p. ;
_c26 cm.
500 _aIncludes index.
504 _aIncludes bibliographical references.
650 0 _aTherapeutics.
650 2 _aTherapeutics.
700 1 _aAlstead, Stanley.
700 1 _aGirdwood, Ronald Haxton.
700 1 _aDunlop, Derrick Melville.
907 _a.b1029109x
_b07-05-12
_c14-02-11
003
005 20230120204055.0
040 _cNUST
942 _cBOOKS
_kRM121
_mTEX
999 _c116638
_d116638